[Event "SPICE Cup Open 2017"]
[Site "Saint Louis USA"]
[Date "2017.10.25"]
[Round "8.20"]
[White "Yoo, Christopher Woojin"]
[Black "Wang, Justin"]
[Result "1/2-1/2"]
[WhiteTitle "FM"]
[WhiteElo "2194"]
[BlackElo "2254"]
[WhiteFideId "30909694"]
[BlackFideId "30911370"]
[EventDate "2017.10.21"]

1. e4 e5 2. Nf3 Nc6 3. Bb5 a6 4. Ba4 Nf6 5. O-O b5 6. Bb3 Bb7 7. d3 Be7 8. Re1
O-O 9. Nbd2 d6 10. a3 Na5 11. Ba2 c5 12. Nf1 Bc8 13. Ng3 Be6 14. Bxe6 fxe6 15.
h3 Qc7 16. b4 Nc6 17. c3 Rfc8 18. Be3 Nd8 19. a4 cxb4 20. cxb4 Qc3 21. Qb1 Qc6
22. Qb3 Qd7 23. Bd2 Ne8 24. axb5 axb5 25. Ne2 Nc6 26. Nc3 Nc7 27. Be3 Rab8 28.
d4 exd4 29. Nxd4 Bf6 30. Red1 Kh8 31. Nxc6 Qxc6 32. Bd4 Ne8 33. Rac1 Qc4 34.
Qxc4 Rxc4 35. Nxb5 Rxb4 36. Bxf6 R4xb5 37. Be7 R5b6 38. Rd3 h6 39. Rcd1 d5 40.
exd5 exd5 41. Rxd5 Re6 42. Bc5 Rb5 43. Be3 Rxd5 44. Rxd5 Kh7 45. g3 Nf6 46. Rb5
g5 47. g4 Kg6 48. Kg2 Rd6 49. Re5 Nd7 50. Re4 Nf6 51. Re5 Nd7 52. Ra5 Nf6 53. f4
gxf4 54. Bxf4 Rc6 55. Be5 Nd7 56. Bd4 Rd6 57. Be3 Re6 58. Bf4 Nf6 59. Be5 Nd7
60. Bf4 Nf6 61. Kf3 Rc6 62. Re5 Ra6 63. h4 Ra3+ 64. Be3 Ra4 65. h5+ Kg7 66. Bf4
Ra3+ 67. Re3 Rxe3+ 68. Bxe3 Kh7 69. Bd2 Nd7 70. Ke4 Nc5+ 71. Kf5 Nd3 72. Be3 Nb4
73. Ke6 Nc2 74. Bf2 Nb4 75. Kd6 Nd3 76. Bg3 Nb4 77. Bf4 Nd3 78. Be3 Ne1 79. Ke6
Nc2 80. Bc5 Ne1 81. Bf2 Nd3 82. Bg3 Nc5+ 83. Kf5 Nd3 84. Be5 Nc5 85. Bd4 Nb3 86.
Be3 Na5 87. Ke6 Nc6 88. Bc5 Nd8+ 89. Ke7 Nc6+ 90. Kf6 Na5 91. Ke6 Nc4 92. Kd5
Nd2 93. Be3 Nf3 94. Ke4 Ne1 95. Bd2 Nc2 96. Kd3 Na3 97. Bb4 Nb5 98. Ke4 Nc7 99.
Ke5 Nb5 100. Ba5 Na3 101. Kd4 Nc2+ 102. Kd3 Na3 103. Bc3 Nb5 104. Be5 Na3 105.
Kc3 Kg8 106. Kb3 Nb5 107. Kb4 Na7 108. Kc5 Nc8 109. Bf4 Kh7 110. Kd5 Nb6+ 111.
Ke6 Nc4 112. Bc1 Nb6 113. Be3 Nc4 114. Bd4 Nd2 115. Be3 Nc4 116. Bf4 Nb2 117.
Kf6 Nc4 118. Ke6 Nb6 119. Kd6 1/2-1/2

[Event "SPICE Cup Open 2017"]
[Site "Saint Louis USA"]
[Date "2017.10.25"]
[Round "8.21"]
[White "Jacobson, Brandon"]
[Black "Mathur, Rithwik"]
[Result "1/2-1/2"]
[WhiteTitle "FM"]
[WhiteElo "2396"]
[BlackElo "1986"]
[WhiteFideId "30901561"]
[BlackFideId "30913667"]
[EventDate "2017.10.21"]

1. d4 Nf6 2. Nf3 d5 3. e3 e6 4. Bd3 b6 5. O-O Bb7 6. b3 Bd6 7. c4 O-O 8. cxd5
exd5 9. Ba3 Re8 10. Bxd6 Qxd6 11. Nc3 a6 12. Rc1 Nbd7 13. Qe2 Ne4 14. Qb2 c5 15.
Rfd1 Qf6 16. dxc5 Ndxc5 17. Bb1 Rac8 18. Nd4 g6 19. a3 Nxc3 20. Rxc3 Ne6 21.
Rcd3 Nxd4 22. Rxd4 Rc7 23. h3 Kg7 24. Bd3 Rec8 25. b4 Kg8 26. a4 Re8 27. Qe2
Qxd4 28. exd4 Rxe2 29. Bxe2 Kf8 30. a5 b5 31. Re1 Bc8 32. h4 Be6 33. Ra1 Rc2 34.
Bd3 Rc3 35. Be2 Rc2 36. Bd3 Rc3 37. Be2 Rc2 1/2-1/2

[Event "SPICE Cup Open 2017"]
[Site "Saint Louis USA"]
[Date "2017.10.25"]
[Round "8.22"]
[White "Cervantes Landeiro, Thalia"]
[Black "Voelker, James"]
[Result "1-0"]
[WhiteTitle "WFM"]
[WhiteElo "2107"]
[BlackElo "2098"]
[WhiteFideId "3520498"]
[BlackFideId "2018853"]
[EventDate "2017.10.21"]

1. d4 Nf6 2. Nf3 e6 3. Bf4 c5 4. e3 Nc6 5. Nbd2 d5 6. c3 Nh5 7. Bg5 Qb6 8. Rb1
h6 9. Bh4 g5 10. Ne5 Ng7 11. Bg3 Nf5 12. Qh5 Qc7 13. Bb5 Bd6 14. Ndf3 Ng7 15.
Qxf7+ Qxf7 16. Nxf7 Kxf7 17. Bxd6 cxd4 18. Bxc6 bxc6 19. cxd4 Nf5 20. Ba3 Bb7
21. Kd2 Rac8 22. g4 Ng7 23. h4 Kf6 24. hxg5+ hxg5 25. Bd6 Rcg8 26. Rbc1 Kg6 27.
Be7 Ne8 28. Ne5+ Kg7 29. Bxg5 Nd6 30. f3 Nf7 31. Nxf7 Kxf7 32. Bf4 Kg6 33. Be5
Rxh1 34. Rxh1 Rc8 35. Bf4 Re8 36. Rh6+ Kg7 37. g5 1-0

[Event "SPICE Cup Open 2017"]
[Site "Saint Louis USA"]
[Date "2017.10.25"]
[Round "8.23"]
[White "Easton, Jack"]
[Black "Mercado, Luisa Fernanda"]
[Result "0-1"]
[BlackTitle "WFM"]
[WhiteElo "2162"]
[BlackElo "1944"]
[WhiteFideId "30900069"]
[BlackFideId "4400984"]
[EventDate "2017.10.21"]

1. d4 d5 2. c4 c6 3. Nc3 dxc4 4. e3 b5 5. a4 b4 6. Ne4 Qd5 7. Nd2 Ba6 8. Qc2 c3
9. bxc3 Bxf1 10. Kxf1 a5 11. c4 Qd8 12. Ngf3 e6 13. Nb3 Nf6 14. e4 Be7 15. h4
Na6 16. Rh3 Nd7 17. Bf4 O-O 18. Qe2 Re8 19. Ng5 g6 20. e5 c5 21. Qg4 cxd4 22.
Nxd4 Qc7 23. Rc1 Nac5 24. Re3 Nf8 25. h5 Qb6 26. Rh3 Bxg5 27. Bxg5 Ncd7 28. Qf4
Qc5 29. Bf6 Nxf6 30. exf6 g5 31. Rg3 h6 32. Nb3 Qf5 33. Qxf5 exf5 34. Rf3 f4 35.
g3 fxg3 36. fxg3 Nd7 37. Rf5 Ne5 38. c5 Nc6 39. Rd5 Re3 40. Nd4 Rc8 41. Nf5 Re6
42. Rd6 Kh7 43. g4 Ne5 44. Re1 0-1

[Event "SPICE Cup Open 2017"]
[Site "Saint Louis USA"]
[Date "2017.10.25"]
[Round "8.24"]
[White "Gosdin, Kaleb"]
[Black "Polgar-Shutzman, Tom"]
[Result "0-1"]
[WhiteElo "2011"]
[BlackElo "2055"]
[WhiteFideId "30920442"]
[BlackFideId "2064880"]
[EventDate "2017.10.21"]

1. d4 Nf6 2. c4 g6 3. Nc3 Bg7 4. Nf3 O-O 5. g3 d6 6. Bg2 Nc6 7. O-O a6 8. Bf4
Rb8 9. Rc1 b5 10. Nd5 Bd7 11. Qd2 Ne4 12. Qc2 f5 13. cxb5 axb5 14. Rfd1 e6 15.
Nc3 Nb4 16. Qb3 Nxc3 17. Rxc3 Nd5 18. Rc2 Qe7 19. Rdc1 Rfc8 20. Ng5 Nxf4 21.
gxf4 c5 22. dxc5 dxc5 23. Qe3 Bd4 24. Qd2 Rd8 25. e3 Bf6 26. Rxc5 Bxg5 27. fxg5
Qxg5 28. Qc3 Rbc8 29. Qe5 Rxc5 30. Rxc5 Bc6 31. Qg3 Rd1+ 32. Bf1 Qxg3+ 33. fxg3
Be4 34. Rc3 b4 35. Rc8+ Kf7 36. Rc7+ Kf6 37. Kf2 Rd2+ 38. Ke1 Rxb2 39. Rxh7 Rxa2
40. Rc7 b3 0-1

[Event "SPICE Cup Open 2017"]
[Site "Saint Louis USA"]
[Date "2017.10.26"]
[Round "9.1"]
[White "Quesada Perez, Yuniesky"]
[Black "Swiercz, Dariusz"]
[Result "1/2-1/2"]
[WhiteTitle "GM"]
[BlackTitle "GM"]
[WhiteElo "2619"]
[BlackElo "2639"]
[WhiteFideId "3504409"]
[BlackFideId "1126881"]
[EventDate "2017.10.21"]

1. e4 e5 2. Nf3 Nc6 3. Bb5 Nf6 4. O-O Nxe4 5. Re1 Nd6 6. Nxe5 Be7 7. Bf1 Nxe5 8.
Rxe5 O-O 9. d4 Bf6 10. Re1 Re8 11. c3 Rxe1 12. Qxe1 Ne8 13. Bd3 d5 14. Bf4 g6
15. Nd2 Ng7 16. Qe2 c6 17. Re1 Bf5 18. Bxf5 Nxf5 19. Nf3 1/2-1/2

[Event "SPICE Cup Open 2017"]
[Site "Saint Louis USA"]
[Date "2017.10.26"]
[Round "9.2"]
[White "Cori, Jorge"]
[Black "Bruzon Batista, Lazaro"]
[Result "1/2-1/2"]
[WhiteTitle "GM"]
[BlackTitle "GM"]
[WhiteElo "2657"]
[BlackElo "2660"]
[WhiteFideId "3802272"]
[BlackFideId "3503739"]
[EventDate "2017.10.21"]

1. d4 Nf6 2. c4 e6 3. Nc3 d5 4. Bg5 Be7 5. e3 O-O 6. Rc1 Nbd7 7. Nf3 h6 8. Bh4
c5 9. cxd5 Nxd5 10. Bxe7 Nxe7 11. Bb5 cxd4 12. Nxd4 Nf6 13. O-O Bd7 14. Qb3 Bxb5
15. Qxb5 Qb8 16. Na4 b6 17. Qa6 Nfd5 18. Nc3 Rc8 19. Nxd5 Nxd5 20. a3 Rc7 21.
Nb5 Rd7 22. g3 Nc7 23. Nxc7 Rxc7 24. Rfd1 Rxc1 25. Rxc1 Qe5 26. Qb7 Rd8 27. Rc8
Rxc8 28. Qxc8+ Kh7 29. Qc2+ 1/2-1/2

[Event "SPICE Cup Open 2017"]
[Site "Saint Louis USA"]
[Date "2017.10.26"]
[Round "9.3"]
[White "Shimanov, Aleksandr"]
[Black "Liang, Awonder"]
[Result "1/2-1/2"]
[WhiteTitle "GM"]
[BlackTitle "GM"]
[WhiteElo "2640"]
[BlackElo "2554"]
[WhiteFideId "4198603"]
[BlackFideId "2056437"]
[EventDate "2017.10.21"]

1. d4 Nf6 2. Nf3 g6 3. Bg5 Bg7 4. c3 O-O 5. Nbd2 d6 6. e4 c5 7. d5 e6 8. dxe6
Bxe6 9. Bc4 Qe7 10. O-O Nc6 11. Re1 Rad8 12. Bd5 Qd7 13. Bxe6 Qxe6 14. Qc2 h6
15. Bh4 Rfe8 16. h3 Ra8 17. a4 Nh5 18. Nf1 Qc4 19. N3d2 Qe6 20. Ne3 g5 21. Bg3
Nxg3 22. fxg3 Ne7 23. Nf3 d5 24. exd5 Nxd5 25. Nf5 Qf6 26. Rad1 Rxe1+ 27. Rxe1
Bf8 28. Qe4 Rd8 29. h4 b6 30. hxg5 hxg5 31. Kf2 Qg6 32. Ne5 Qf6 33. Ng4 Qg6 34.
Qe5 Qh5 35. Nfe3 Bg7 36. Nxd5 1/2-1/2

[Event "SPICE Cup Open 2017"]
[Site "Saint Louis USA"]
[Date "2017.10.26"]
[Round "9.4"]
[White "Sevian, Samuel"]
[Black "Azarov, Sergei"]
[Result "1/2-1/2"]
[WhiteTitle "GM"]
[BlackTitle "GM"]
[WhiteElo "2615"]
[BlackElo "2556"]
[WhiteFideId "2040506"]
[BlackFideId "13501470"]
[EventDate "2017.10.21"]

1. e4 e5 2. Nf3 Nc6 3. Bb5 a6 4. Ba4 Nf6 5. d3 Bc5 6. O-O d6 7. c3 O-O 8. Re1
Ba7 9. h3 Ne7 10. Nbd2 Ng6 11. Nf1 Nh5 12. d4 Nhf4 13. Ng3 Qf6 14. Nh5 Qe7 15.
Bxf4 Nxf4 16. Nxf4 exf4 17. Bc2 c5 18. Qd3 cxd4 19. cxd4 Bd7 20. e5 g6 21. Qa3
Bc6 22. exd6 Qf6 23. d5 Bxd5 24. Rad1 Rac8 25. Ba4 Bc5 26. b4 Bxf3 27. Qxf3 Bxd6
28. Qxb7 f3 29. Qxf3 Qxf3 30. gxf3 Bxb4 1/2-1/2

[Event "SPICE Cup Open 2017"]
[Site "Saint Louis USA"]
[Date "2017.10.26"]
[Round "9.5"]
[White "Nyzhnyk, Illya"]
[Black "Yermolinsky, Alex"]
[Result "1/2-1/2"]
[WhiteTitle "GM"]
[BlackTitle "GM"]
[WhiteElo "2594"]
[BlackElo "2490"]
[WhiteFideId "14118084"]
[BlackFideId "2005492"]
[EventDate "2017.10.21"]

1. d4 Nf6 2. Nf3 e6 3. c4 d5 4. Nc3 a6 5. cxd5 exd5 6. Bg5 Be6 7. e3 Nbd7 8. Bd3
Bd6 9. O-O O-O 10. Qc2 h6 11. Bh4 c6 12. Na4 Qc7 13. Bg3 Bxg3 14. hxg3 Rae8 15.
Nc5 Bg4 16. b4 Re7 17. a4 Nxc5 18. Qxc5 Bxf3 19. gxf3 Rxe3 20. fxe3 1/2-1/2

[Event "SPICE Cup Open 2017"]
[Site "Saint Louis USA"]
[Date "2017.10.26"]
[Round "9.6"]
[White "Robson, Ray"]
[Black "Kaliksteyn, Alexander"]
[Result "1-0"]
[WhiteTitle "GM"]
[BlackTitle "FM"]
[WhiteElo "2644"]
[BlackElo "2425"]
[WhiteFideId "2023970"]
[BlackFideId "2007630"]
[EventDate "2017.10.21"]

1. e4 c6 2. d4 d5 3. e5 Bf5 4. Nf3 e6 5. Be2 c5 6. Be3 cxd4 7. Nxd4 Ne7 8. O-O
Nbc6 9. Bb5 a6 10. Bxc6+ bxc6 11. c4 Qd7 12. Nc3 dxc4 13. Nxf5 Nxf5 14. Qxd7+
Kxd7 15. Na4 Nxe3 16. fxe3 Ke8 17. Rac1 g6 18. Nb6 Rd8 19. Nxc4 Be7 20. Rfd1 Rd5
21. Kf2 h5 22. e4 Rxd1 23. Rxd1 h4 24. Na5 c5 25. Nc6 h3 26. g3 Rf8 27. Ke2 f5
28. exf6 Bxf6 29. b3 Be7 30. Ne5 g5 31. Ng4 Rf7 32. Rd3 Rf8 33. Nf2 Rh8 34. g4 1-0

[Event "SPICE Cup Open 2017"]
[Site "Saint Louis USA"]
[Date "2017.10.26"]
[Round "9.7"]
[White "Prohaszka, Peter2"]
[Black "Kavutskiy, Konstantin"]
[Result "1-0"]
[WhiteTitle "GM"]
[BlackTitle "IM"]
[WhiteElo "2614"]
[BlackElo "2390"]
[WhiteFideId "726265"]
[BlackFideId "2026384"]
[EventDate "2017.10.21"]

1. d4 Nf6 2. c4 g6 3. g3 Bg7 4. Bg2 O-O 5. Nc3 d6 6. Nf3 c6 7. O-O Bf5 8. Ng5 e5
9. d5 a5 10. dxc6 bxc6 11. Nge4 Nxe4 12. Nxe4 Bxe4 13. Bxe4 Qd7 14. Be3 f5 15.
Bg2 e4 16. Qd2 Qe6 17. Rfd1 Rd8 18. Rac1 Na6 19. b3 c5 20. a3 Nc7 21. f3 a4 22.
bxa4 Rxa4 23. Bxc5 Rxc4 24. fxe4 fxe4 25. Bb6 Rd7 26. Bh3 Qxh3 27. Rxc4 Be5 28.
Rxc7 Rxc7 29. Bxc7 Bxg3 30. Qd5+ Kg7 31. hxg3 Qxg3+ 32. Kf1 Qh3+ 33. Kf2 e3+ 34.
Kg1 1-0

[Event "SPICE Cup Open 2017"]
[Site "Saint Louis USA"]
[Date "2017.10.26"]
[Round "9.9"]
[White "Durarbayli, Vasif"]
[Black "Leon Hoyos, Manuel"]
[Result "1-0"]
[WhiteTitle "GM"]
[BlackTitle "GM"]
[WhiteElo "2630"]
[BlackElo "2490"]
[WhiteFideId "13402935"]
[BlackFideId "5105269"]
[EventDate "2017.10.21"]

1. e4 c5 2. Nf3 g6 3. d4 cxd4 4. Nxd4 Nc6 5. c4 Bg7 6. Be3 Qb6 7. Nb3 Qd8 8. Qd2
Nf6 9. f3 a5 10. Nc3 d6 11. Na4 Nd7 12. Be2 b6 13. Bh6 O-O 14. h4 Nc5 15. Nc3
Bxh6 16. Qxh6 e5 17. Rd1 Be6 18. h5 Ra7 19. hxg6 fxg6 20. Nb5 Rg7 21. Rxd6 Qc8
22. Nxc5 bxc5 23. Qg5 Qe8 24. Kf2 Nd8 25. Qxe5 Re7 26. Qh2 Bc8 27. Rd5 Bb7 28.
Nd6 Qc6 29. Qh4 Rd7 30. e5 Ne6 31. Ne4 Nf4 32. Rxd7 Qxd7 33. Rd1 1-0

[Event "SPICE Cup Open 2017"]
[Site "Saint Louis USA"]
[Date "2017.10.26"]
[Round "9.10"]
[White "Cordova, Emilio"]
[Black "Sturt, Raven"]
[Result "0-1"]
[WhiteTitle "GM"]
[WhiteElo "2608"]
[BlackElo "2446"]
[WhiteFideId "3801497"]
[BlackFideId "2007304"]
[EventDate "2017.10.21"]

1. d4 d5 2. Nf3 Nf6 3. g3 g6 4. Bg2 Bg7 5. c4 c6 6. b3 O-O 7. Bb2 dxc4 8. bxc4
c5 9. O-O Qb6 10. Qb3 Ne4 11. e3 Nc6 12. Ne5 Nd6 13. Nd2 Be6 14. Rab1 Rfc8 15.
Nxc6 bxc6 16. Qa3 Nxc4 17. Nxc4 Bxc4 18. Rfc1 Qa6 19. Qxc5 Bd3 20. Ra1 Rab8 21.
Bc3 e6 22. a4 Bf8 23. Qe5 Bg7 24. Qc5 Bf8 25. Qe5 Bg7 26. Qf4 Rb3 27. Bf3 c5 28.
Bd1 cxd4 29. Bxb3 dxc3 30. Bc2 h5 31. Qf3 Rb8 32. e4 Bxc2 33. Rxc2 Rb2 34. Rxc3
Bxc3 35. Qxc3 Qe2 36. Qd4 Rd2 37. Qxa7 Qxe4 38. Qe3 Qd5 39. Qe1 h4 40. a5 h3 41.
Qf1 Qd4 42. Re1 Ra2 43. a6 g5 44. Rd1 Qb6 45. Rb1 Qc5 46. Rb5 Qc6 47. Rxg5+ Kf8
48. Rh5 Ra1 49. Rxh3 Rxf1+ 50. Kxf1 Qxa6+ 51. Kg1 f5 52. Rh4 e5 53. h3 Qa1+ 54.
Kg2 Qa8+ 55. Kg1 Qf3 56. Rh8+ Kg7 57. Rd8 f4 58. gxf4 exf4 0-1

[Event "SPICE Cup Open 2017"]
[Site "Saint Louis USA"]
[Date "2017.10.26"]
[Round "9.11"]
[White "Rambaldi, Francesco"]
[Black "Patel, Advait"]
[Result "1/2-1/2"]
[WhiteTitle "GM"]
[BlackTitle "IM"]
[WhiteElo "2574"]
[BlackElo "2448"]
[WhiteFideId "20657307"]
[BlackFideId "2075105"]
[EventDate "2017.10.21"]

1. d4 Nf6 2. Nf3 g6 3. g3 Bg7 4. Bg2 O-O 5. O-O d6 6. b3 e5 7. dxe5 dxe5 8. Ba3
Qxd1 9. Rxd1 Re8 10. c4 Nc6 11. Nc3 e4 12. Ne1 Bf5 13. Nc2 Ng4 14. Nd5 e3 15.
Ncxe3 Nxe3 16. fxe3 Rac8 17. Rac1 a5 18. Kf2 h5 19. Rd2 Kh7 20. Bf3 Ne5 21. Rcd1
Ng4+ 22. Bxg4 Bxg4 23. Bb2 Bxb2 24. Rxb2 Kg7 25. Rbd2 Re5 26. Nc3 Rce8 27. e4 c6
28. Rd8 R8e7 29. Rb8 Bh3 30. Rdd8 R5e6 31. Ra8 Rf6+ 32. Ke3 Rf1 33. Rd1 Rxd1 34.
Nxd1 Bg2 35. Rxa5 Bxe4 36. Nc3 Bf5+ 37. Kf4 Bg4 38. e4 Re6 39. Ra7 Rf6+ 40. Ke5
Rf3 41. Na4 b5 42. Nc5 Rf2 43. h4 Rf3 44. Kd6 bxc4 45. bxc4 Rxg3 46. e5 Re3 47.
Rb7 Re2 48. a4 g5 49. hxg5 h4 50. e6 Bxe6 51. Nxe6+ Rxe6+ 52. Kc5 Re5+ 53. Kb6
Re4 54. Kc5 Re5+ 55. Kxc6 Ra5 56. Rb4 Kg6 57. c5 h3 58. Kd6 Kxg5 59. c6 h2 60.
Rb1 Rxa4 61. c7 Rc4 62. Rh1 f5 63. Rxh2 f4 64. Rh8 f3 65. c8=Q Rxc8 66. Rxc8 Kg4
67. Ke5 f2 68. Rf8 Kg3 69. Ke4 Kg2 70. Rg8+ Kh2 71. Rf8 Kg2 72. Ke3 f1=Q 73.
Rxf1 Kxf1 1/2-1/2

[Event "SPICE Cup Open 2017"]
[Site "Saint Louis USA"]
[Date "2017.10.26"]
[Round "9.12"]
[White "Heimann, Mark"]
[Black "Barcenilla, Rogelio"]
[Result "0-1"]
[WhiteTitle "FM"]
[BlackTitle "GM"]
[WhiteElo "2363"]
[BlackElo "2446"]
[WhiteFideId "2028441"]
[BlackFideId "5200059"]
[EventDate "2017.10.21"]

1. Nf3 Nf6 2. c4 g6 3. b4 Bg7 4. Bb2 O-O 5. g3 a5 6. a3 d5 7. cxd5 axb4 8. axb4
Rxa1 9. Bxa1 Nxd5 10. Bxg7 Kxg7 11. Qb3 f6 12. Bg2 Be6 13. Qb2 Qd6 14. b5 c5 15.
O-O Nd7 16. d4 c4 17. e4 N5b6 18. Nc3 Ra8 19. Re1 Qa3 20. Qd2 Na4 21. Rc1 Nxc3
22. Rxc3 Qb4 23. Qc1 Nb6 24. d5 Bg4 25. Nd4 Qc5 26. Nc2 Bd7 27. Na3 Bxb5 28.
Nxb5 Qxb5 29. Bf1 Ra4 30. Kg2 Qc5 31. Qc2 Qd4 32. Be2 Rb4 33. Kg1 Kf7 34. Bf1
Ke8 35. Be2 Kd7 36. Kg2 Kc7 37. Bf1 Kd6 38. Be2 Kc5 39. Qc1 Na4 40. Rc2 c3 41.
Bf3 Kb6 42. Re2 Rb2 43. Qa1 Rxe2 44. Bxe2 Qxe4+ 45. Bf3 Qc4 46. Qb1+ Ka5 47.
Qxb7 c2 48. Qa7+ Kb4 49. Qxe7+ Nc5 50. Qe1+ Qc3 51. Qc1 Nd3 0-1

[Event "SPICE Cup Open 2017"]
[Site "Saint Louis USA"]
[Date "2017.10.26"]
[Round "9.13"]
[White "Furfine, Jacob"]
[Black "Kannappan, Priyadharshan"]
[Result "0-1"]
[WhiteTitle "CM"]
[BlackTitle "GM"]
[WhiteElo "2297"]
[BlackElo "2516"]
[WhiteFideId "2099462"]
[BlackFideId "5018293"]
[EventDate "2017.10.21"]

1. d4 d5 2. Nc3 Nf6 3. Bf4 e6 4. e3 Bb4 5. Ne2 O-O 6. h4 c5 7. a3 cxd4 8. exd4
Be7 9. Qd2 Nc6 10. h5 Bd7 11. f3 Na5 12. b3 Ne8 13. g4 f6 14. Ng3 Nc6 15. Be3
Nd6 16. f4 f5 17. g5 Rc8 18. h6 g6 19. Na4 b6 20. Nb2 Ne4 21. Nxe4 fxe4 22. b4
Bd6 23. c4 Ne7 24. c5 Bb8 25. Bh3 bxc5 26. dxc5 e5 27. Bxd7 Qxd7 28. fxe5 Qg4
29. Rg1 Qh4+ 30. Bf2 Qh2 31. Rf1 Rf3 32. O-O-O Rcf8 0-1

[Event "SPICE Cup Open 2017"]
[Site "Saint Louis USA"]
[Date "2017.10.26"]
[Round "9.14"]
[White "Quintiliano Pinto, Renato R."]
[Black "Tsay, Vincent"]
[Result "1-0"]
[WhiteTitle "IM"]
[BlackTitle "FM"]
[WhiteElo "2451"]
[BlackElo "2265"]
[WhiteFideId "2117568"]
[BlackFideId "30931835"]
[EventDate "2017.10.21"]

1. d4 d5 2. c4 e6 3. Nc3 c6 4. e3 Nf6 5. Nf3 a6 6. c5 b6 7. cxb6 Qxb6 8. Bd3 a5
9. O-O Ba6 10. Re1 Bxd3 11. Qxd3 Nbd7 12. e4 dxe4 13. Nxe4 Be7 14. Be3 Nxe4 15.
Qxe4 Nf6 16. Qc2 Nd5 17. Ne5 Rc8 18. Rac1 Bd6 19. Nc4 Qc7 20. Nxd6+ Qxd6 21. Bd2
O-O 22. Bxa5 Ra8 23. Qd2 Rfb8 24. a3 Rb3 25. Qc2 Qb8 26. Bb4 Rxb4 27. axb4 Qxb4
28. Qxc6 Rf8 29. Qc2 Qxd4 30. Re4 Qf6 31. Rc4 Ne7 32. Rc7 h6 33. b4 Re8 34. b5
Qg5 35. b6 Nd5 36. b7 Nxc7 37. Qxc7 Qb5 38. h3 Qb2 39. Rc6 Qa1+ 40. Kh2 Qa7 41.
Qc8 Qb8+ 42. Qxb8 Rxb8 43. Rc8+ 1-0

[Event "SPICE Cup Open 2017"]
[Site "Saint Louis USA"]
[Date "2017.10.26"]
[Round "9.15"]
[White "Peng, David"]
[Black "Rahul, Srivatshav P"]
[Result "1-0"]
[WhiteTitle "FM"]
[WhiteElo "2330"]
[BlackElo "2373"]
[WhiteFideId "2059355"]
[BlackFideId "25059653"]
[EventDate "2017.10.21"]

1. e4 c5 2. Nf3 e6 3. d4 cxd4 4. Nxd4 Nc6 5. Nc3 Qc7 6. Be3 a6 7. Qf3 Nf6 8.
O-O-O Ne5 9. Qg3 b5 10. a3 Be7 11. f4 Bxa3 12. Qe1 Bb4 13. fxe5 Qxe5 14. Bd3 Bb7
15. Nf3 Qc7 16. Bd2 Rc8 17. Kb1 Qa5 18. Qg3 Bxc3 19. Bxc3 b4 20. Bxf6 gxf6 21.
Rhf1 Qh5 22. Nd2 Qg5 23. Qf2 Rg8 24. Qb6 Bc6 25. Nc4 Kf8 26. Rf3 Qb5 27. Qf2 b3
28. Nd6 Qa4 29. cxb3 Qxb3 30. Bc2 1-0

[Event "SPICE Cup Open 2017"]
[Site "Saint Louis USA"]
[Date "2017.10.26"]
[Round "9.16"]
[White "Plotkin, Victor"]
[Black "Williams, Justus"]
[Result "1/2-1/2"]
[WhiteTitle "FM"]
[BlackTitle "FM"]
[WhiteElo "2262"]
[BlackElo "2371"]
[WhiteFideId "2606674"]
[BlackFideId "2049929"]
[EventDate "2017.10.21"]

1. e4 c5 2. c3 g6 3. d4 cxd4 4. cxd4 d5 5. Nc3 dxe4 6. Bc4 Bg7 7. Qb3 e6 8. d5
exd5 9. Bxd5 Qe7 10. Bf4 Nd7 11. Nxe4 Be5 12. Bxe5 Nxe5 13. Ne2 Nf6 14. Nxf6+
Qxf6 15. f4 Nc6 16. Qc3 Qxc3+ 17. Nxc3 Nb4 18. Be4 O-O 19. a3 Nc6 20. Kf2 Be6
21. Rhd1 Kg7 22. Nb5 Rad8 23. Bxc6 bxc6 24. Nd4 Bg4 25. Nf3 Rb8 26. Rd2 c5 27.
Rc1 Rfc8 28. Rc3 Rb5 29. h3 Be6 30. Ng5 Bb3 31. Ne4 Rc6 32. Nd6 Rb8 33. Nc4 Rb5
34. Nd6 Rb8 35. Ne4 c4 36. Rd7 Ba4 37. Rd2 Bb3 38. Rd7 Ba4 39. Rd2 h6 40. Nd6
Bb3 41. Rd4 Ba2 42. Rd2 Rbb6 43. Ne4 Bb3 44. Re3 Kg8 45. Nc3 Rd6 46. Ree2 Kg7
47. g3 Rd3 48. Rxd3 cxd3 49. Rd2 Bc2 50. b4 Rc6 51. Nb5 Ra6 52. Ke3 Re6+ 53. Kd4
a6 54. Nc3 h5 55. a4 Kf8 56. b5 axb5 57. axb5 Ke8 58. Ne4 Ba4 59. Rb2 Bc2 60.
Nd2 Kd7 61. Nc4 Kc7 62. Kc3 Kb7 63. h4 f6 64. Ra2 Re7 65. Ra6 Rc7 66. Rc6 Rxc6
67. bxc6+ Kxc6 68. Nb2 Kd5 69. Nxd3 Bxd3 70. Kxd3 f5 71. Ke3 Kc5 72. Kd3 Kd5 73.
Ke3 Kc4 74. Ke2 Kc5 75. Ke3 Kc4 76. Ke2 1/2-1/2

[Event "SPICE Cup Open 2017"]
[Site "Saint Louis USA"]
[Date "2017.10.26"]
[Round "9.17"]
[White "Grabinsky, Aaron"]
[Black "Proleiko, Julian"]
[Result "1/2-1/2"]
[WhiteElo "2366"]
[BlackElo "2095"]
[WhiteFideId "2087090"]
[BlackFideId "30900255"]
[EventDate "2017.10.21"]

1. d4 Nf6 2. Bf4 c5 3. dxc5 Na6 4. Qd4 Qa5+ 5. c3 Qxc5 6. e3 g6 7. Nd2 Bg7 8.
Nb3 Qxd4 9. exd4 b6 10. Nf3 Bb7 11. Be2 O-O 12. O-O d6 13. Rfe1 Nc7 14. Nfd2
Rfc8 15. Rac1 Kf8 16. c4 Ne6 17. Be3 d5 18. Bf3 Rab8 19. c5 Ne4 20. cxb6 axb6
21. Nb1 f5 22. Rcd1 Ba6 23. Na3 Kf7 24. g3 Ra8 25. Nc1 Rxc1 26. Bxc1 Nxd4 27.
Kg2 e6 28. Nb1 Bb7 29. a3 Nxf3 30. Kxf3 d4 31. Ke2 Ba6+ 32. Kf3 Nc5 33. Kg2 e5
34. Nd2 Nd3 35. Rg1 Rc8 36. Nf3 Kg8 37. Ng5 Bb7+ 38. f3 e4 39. Rxd3 exd3 40. Rd1
Rc2+ 41. Bd2 Rxb2 42. Kf2 Bf8 43. Ne6 Bc5 44. Nf4 Ba6 45. Ke1 g5 46. Ne6 h6 47.
Rc1 Rc2 48. Rb1 Bc4 49. Nc7 Ba2 50. Rb5 Bc4 51. Rb1 Ra2 52. Na8 Bd5 53. Nxb6
Bxf3 54. Nc4 Bd5 55. Ne5 Bxa3 56. Nxd3 Be4 57. Rb8+ Kg7 58. Nc1 Bxc1 59. Bxc1
Rxh2 60. Bb2 Kg6 61. Bxd4 Kh5 62. Kf1 Kg4 63. Rb3 Rd2 64. Bf2 h5 65. Be1 Ra2 66.
Rb6 Ra1 67. Rb3 Bf3 68. Rb4+ Kh3 69. Rb5 Bg2+ 70. Kf2 Ra2+ 71. Kg1 Re2 72. Bf2
Be4 73. Rb3 Ra2 74. Be1 Rg2+ 75. Kf1 Bd5 76. Rc3 g4 77. Bf2 Be4 78. Rc8 Bd3+ 79.
Ke1 Rh2 80. Rc3 Be4 81. Ke2 Bf3+ 82. Ke3 Be4 83. Rc1 h4 84. Rg1 Bg2 85. Be1 hxg3
86. Kf4 Rh1 87. Rxh1+ Bxh1 88. Bxg3 Be4 89. Be1 Kg2 90. Bh4 Kf1 91. Bg3 Ke2 92.
Bh4 Bb1 93. Bg3 1/2-1/2